El himno nacional argentino /

Guardado en:
Autor Principal: Vega, Carlos
Formato: Libro
Publicado: Buenos Aires : Eudeba, 1962
Materias:
Etiquetas: Agregar Etiqueta
Sin Etiquetas, Sea el primero en etiquetar este registro!
LEADER 00440nam a22001575a 4500
001 CEM.cems006491
005 20060214000000.0
008 130507s1962##################000#0#####d
003 CEMS
082 0 4 |a 784.71098 
100 1 |a Vega, Carlos 
245 1 0 |a El himno nacional argentino / 
260 |a Buenos Aires :  |b Eudeba,  |c 1962 
300 |a 109 p. 
653 |a Música-himno nacional 
859 |a CEMS  |b BIB. CEMS - 11 de abril  |h 784.71098  |i V522  |p 10217.81  |t Ej.1